000 00910nam a22002657a 4500
005 20110311144648.0
008 110311t xxu||||| |||| 00| 0 eng d
010 _aENG-102108
020 _a9788184840896
_c3200.00
035 _aEN-85641
037 _bDBAD / PUB
040 _adpl
_bEng
082 _a658.3
100 _926476
245 _aHuman resource management :
_cedited by S. Mohan [and] R. Elangovan
_btext and cases /
260 _aNew Delhi
_bRegal Publications
_c2011
270 _aF-159, Rajouri Garden
_bNew Delhi
_e110027
300 _axii, 696p.
_c23cm (Hb)
500 _aIncludes index
650 _926478
700 _926477
_aMohan, S.
700 _aElangovan, R.
_926505
942 _2ddc
_cEN
_mHUM
_h658.3
999 _c51016
_d51016